<?xml version="1.0" encoding="UTF-8"?>
<record
    xmlns:xsi="http://www.w3.org/2001/XMLSchema-instance"
    xsi:schemaLocation="http://www.loc.gov/MARC21/slim http://www.loc.gov/standards/marcxml/schema/MARC21slim.xsd"
    xmlns="http://www.loc.gov/MARC21/slim">

  <leader>00524nam a2200205Ia 4500</leader>
  <controlfield tag="003">OSt</controlfield>
  <controlfield tag="005">20250110151348.0</controlfield>
  <controlfield tag="008">240404s9999    xx            000 0 und d</controlfield>
  <datafield tag="020" ind1=" " ind2=" ">
    <subfield code="a">9789352606269</subfield>
  </datafield>
  <datafield tag="040" ind1=" " ind2=" ">
    <subfield code="c">0</subfield>
  </datafield>
  <datafield tag="041" ind1=" " ind2=" ">
    <subfield code="a">English</subfield>
  </datafield>
  <datafield tag="082" ind1=" " ind2=" ">
    <subfield code="a">658.05 &#xA0;&#xA0;VOH;1 &#xA0;R</subfield>
  </datafield>
  <datafield tag="100" ind1=" " ind2=" ">
    <subfield code="a">Vohra, N D.</subfield>
  </datafield>
  <datafield tag="245" ind1=" " ind2="0">
    <subfield code="a">Quantitative techniques in management</subfield>
  </datafield>
  <datafield tag="250" ind1=" " ind2=" ">
    <subfield code="a">5th ed.</subfield>
  </datafield>
  <datafield tag="260" ind1=" " ind2=" ">
    <subfield code="c">2017</subfield>
    <subfield code="b">Mcgraw Hill Education</subfield>
    <subfield code="a">Chennai</subfield>
  </datafield>
  <datafield tag="300" ind1=" " ind2=" ">
    <subfield code="a">xv, 1091</subfield>
  </datafield>
  <datafield tag="650" ind1=" " ind2=" ">
    <subfield code="a">Quantitative,techniques,management</subfield>
  </datafield>
  <datafield tag="942" ind1=" " ind2=" ">
    <subfield code="c">REF</subfield>
    <subfield code="2">ddc</subfield>
  </datafield>
  <datafield tag="999" ind1=" " ind2=" ">
    <subfield code="c">296178</subfield>
    <subfield code="d">296178</subfield>
  </datafield>
  <datafield tag="952" ind1=" " ind2=" ">
    <subfield code="r">2024-04-04 00:00:00</subfield>
    <subfield code="l">0</subfield>
    <subfield code="o">658.05 &#xA0;&#xA0;VOH;1 &#xA0;R</subfield>
    <subfield code="p">93949</subfield>
    <subfield code="v">484.00</subfield>
    <subfield code="w">2024-04-04</subfield>
    <subfield code="y">AA</subfield>
    <subfield code="1">0</subfield>
    <subfield code="2">ddc</subfield>
    <subfield code="4">0</subfield>
    <subfield code="7">0</subfield>
    <subfield code="0">0</subfield>
    <subfield code="a">ML</subfield>
    <subfield code="b">ML</subfield>
    <subfield code="c">CL</subfield>
    <subfield code="d">2024-02-23</subfield>
    <subfield code="e">NULL</subfield>
    <subfield code="g">550.00</subfield>
    <subfield code="E">DONATED</subfield>
    <subfield code="G">RS</subfield>
    <subfield code="F">1</subfield>
    <subfield code="V">66</subfield>
    <subfield code="J">NULL</subfield>
  </datafield>
</record>
